| 000 | 01273 a2200241 4500 | ||
|---|---|---|---|
| 003 | Nust | ||
| 005 | 20170207154017.0 | ||
| 010 | _a 2006275169 | ||
| 020 | _a0596005652 (pbk.) | ||
| 040 | _cNust | ||
| 082 | 0 | 0 | _a005.432 |
| 100 | 1 | _aBovet, Daniel P. | |
| 245 | 1 | 0 |
_aUnderstanding the Linux kernel (E-BOOK) _cDaniel P. Bovet and Marco Cesati. |
| 250 | _a3rd ed. | ||
| 260 |
_aBeijing ; _aSebastopol, CA : _bO'Reilly, _cc2006. |
||
| 300 |
_a923 p. : _bill. ; _c24 cm. |
||
| 500 | _a"Linux 2.4"--p. ix. | ||
| 505 | _aIntroduction (Page-6) Memory Addressing (Page-36) Processes (Page-64) Interrupts And Exceptions (Page-96) Timing Measurements (Page-131) Memory Management (Page-149) Process Address Space (Page-183) System Calls (Page-217) Signals (Page-231) Process Scheduling (Page258) Kernel Synchronization (Page-277) The Virtual Filesystem (Page-303) Managing I/O Devices (Page-343) Disk Caches - Accessing Regular Files (Page-383) Swapping: Methods For Freeing Memory (Page-400) The Ext2 Filesystem (Page-417) Process Communication (Page-451) Program Execution (Page-476) | ||
| 650 | 0 | _aOperating systems (Computers) | |
| 651 | _aE-BOOK | ||
| 700 | 1 | _aCesati, Marco. | |
| 856 | 4 | 2 |
_3Publisher description _uhttp://www.loc.gov/catdir/enhancements/fy0715/2006275169-d.html |
| 942 |
_2ddc _cBK |
||
| 999 |
_c191475 _d191475 |
||